|
|
|
|
| LEADER |
00000nam0a2200000 4500 |
| 001 |
291957 |
| 005 |
20231102000438.0 |
| 010 |
|
|
|a 9785971806950
|
| 035 |
|
|
|a (RuTPU)RU\TPU\book\316553
|
| 090 |
|
|
|a 291957
|
| 100 |
|
|
|a 20150417d2014 m y0rusy50 ca
|
| 101 |
0 |
|
|a rus
|
| 102 |
|
|
|a RU
|
| 105 |
|
|
|a a j 001zy
|
| 200 |
1 |
|
|a Менеджмент туристских дестинаций
|e учебник для вузов
|f Т. В. Рассохина
|g Российская международная академия туризма (РМАТ)
|
| 210 |
|
|
|a Москва
|c Советский спорт
|d 2014
|
| 215 |
|
|
|a 248 с.
|c ил.
|
| 225 |
1 |
|
|a Профессиональное туристское образование
|
| 320 |
|
|
|a Библиогр.: с. 218-220.
|
| 320 |
|
|
|a Глоссарий: с. 209-217.
|
| 330 |
|
|
|a Отражены основные тенденции развития туристских территориальных систем - дестинаций различного масштаба, а также основные аспекты управления ими. Материал базируется на принципах устойчивого развития туризма и политике РФ в области развития туризма. Все главы содержат практические примеры - кейсы и контрольные вопросы, направленные на формирование конкретных компетенций. Рассматриваются примеры как из зарубежного опыта, так и из практики отечественных органов управления туризмом.Для студентов, обучающихся по направлениям бакалавриата «Менеджмент» (профиль «Менеджмент туризма»), «Туризм», «Государственное и муниципальное управление». Материалы учебника будут полезны для слушателей программ переподготовки и повышения квалификации по тематике управления территориями и муниципальными образованиями, а также для широкого круга лиц.
|
| 606 |
1 |
|
|a Туризм
|x Экономика
|2 stltpush
|3 (RuTPU)RU\TPU\subj\53770
|9 71935
|
| 610 |
1 |
|
|a туристские регионы
|
| 610 |
1 |
|
|a туристские районы
|
| 610 |
1 |
|
|a туристские территории
|
| 610 |
1 |
|
|a менеджмент
|
| 610 |
1 |
|
|a кластерный подход
|
| 610 |
1 |
|
|a маркетинг
|
| 610 |
1 |
|
|a дестинации
|
| 610 |
1 |
|
|a конкурентоспособность
|
| 610 |
1 |
|
|a инвестиционная привлекательность
|
| 610 |
1 |
|
|a управление
|
| 610 |
1 |
|
|a стратегическое управление
|
| 610 |
1 |
|
|a устойчивое развитие
|
| 610 |
1 |
|
|a учебники
|
| 686 |
|
|
|a У9(2)43я73
|v LBC/SL-A
|2 rubbk
|
| 700 |
|
1 |
|a Рассохина
|b Т. В.
|g Татьяна Васильевна
|
| 712 |
0 |
2 |
|a Российская международная академия туризма (РМАТ)
|c (Сходня)
|2 stltpush
|3 (RuTPU)RU\TPU\col\168
|
| 801 |
|
1 |
|a RU
|b 63413507
|c 20150417
|
| 801 |
|
2 |
|a RU
|b 63413507
|c 20150625
|g RCR
|
| 900 |
|
|
|a Менеджмент в социально-культурном сервисе и туризме
|
| 942 |
|
|
|c BK
|
| 959 |
|
|
|a 53/20150417
|d 1
|e 341,00
|f ЧЗГЛ:1
|